Riadenie vnútorného prostredia budovy s obmedzeniami : dát. obhaj. 31.8.2017, č. ved. odb. 5-2-14

Gespeichert in:
Bibliographische Detailangaben
1. Verfasser: Kurilla, Jozef (Verfasst von)
Weitere Verfasser: Hubinský, Peter (Betreuung Doktorarbeit)
Format: Manuskript Buch
Sprache:Slowakisch
Veröffentlicht: Bratislava : STU v Bratislave FEI, 2017
Schlagworte:
Online-Zugang:http://is.stuba.sk/zp/portal_zp.pl?podrobnosti=100404
Tags: Tag hinzufügen
Keine Tags, Fügen Sie das erste Tag hinzu!

MARC

LEADER 00000ntm a22000003a 4500
001 stuzp35598
003 SK-STU
005 20230413104259.0
007 ta
008 150427s2015----xo-----f-mn---000-0-slo-d
040 |a STU  |b slo 
041 0 |a slo 
100 1 |a Kurilla, Jozef  |u 031000  |4 aut  |U FEI Fakulta elektrotechniky a informatiky  |T FEI Ústav robotiky a kybernetiky  |X 51182  |U E011  |Y 356  |7 A000051182 
242 0 1 |a Control of the internal environment of the building with constraints  |y eng 
245 1 0 |a Riadenie vnútorného prostredia budovy s obmedzeniami :  |b dát. obhaj. 31.8.2017, č. ved. odb. 5-2-14 
260 |a Bratislava : 
260 |b STU v Bratislave FEI, 
260 |c 2017 
300 |a 111 s., príl., DVD,  |b AUTOREF. 2017, 43 s. 
650 4 |a zónová regulácia  |2 slo 
650 4 |a genetické algoritmy  |2 slo 
650 4 |a decoupling  |2 slo 
650 4 |a prediktívne riadenie  |2 slo 
650 4 |a zone regulation  |2 eng 
650 4 |a genetic algorithms  |2 eng 
650 4 |a decoupling  |2 eng 
650 4 |a predictive control  |2 eng 
700 1 |a Hubinský, Peter  |u 031000  |k Z1  |4 ths  |U FEI Fakulta elektrotechniky a informatiky  |T FEI Ústav robotiky a kybernetiky  |X 4940  |U E011  |Y 356  |7 A000004940 
856 4 |u http://is.stuba.sk/zp/portal_zp.pl?podrobnosti=100404 
996 |b 284ED01596  |c E*ZP-447  |l EE01  |s P  |a 0  |w stuzp35598_0001